<?xml version="1.0" encoding="UTF-8"?>
<record
    xmlns:xsi="http://www.w3.org/2001/XMLSchema-instance"
    xsi:schemaLocation="http://www.loc.gov/MARC21/slim http://www.loc.gov/standards/marcxml/schema/MARC21slim.xsd"
    xmlns="http://www.loc.gov/MARC21/slim">

  <leader>02422nam a2200493   4500</leader>
  <controlfield tag="003">DO-SdBNP</controlfield>
  <controlfield tag="005">20250520140417.0</controlfield>
  <controlfield tag="007">ta</controlfield>
  <controlfield tag="008">220204b1975    ag a|||e |||| 001 0 spa d</controlfield>
  <datafield tag="040" ind1=" " ind2=" ">
    <subfield code="a">DO-SdBNP</subfield>
    <subfield code="b">spa</subfield>
    <subfield code="c">BNPHU</subfield>
  </datafield>
  <datafield tag="082" ind1=" " ind2="4">
    <subfield code="a">370.15</subfield>
    <subfield code="b">C536p</subfield>
    <subfield code="2">22</subfield>
  </datafield>
  <datafield tag="100" ind1="1" ind2=" ">
    <subfield code="a">Child, Dennis  </subfield>
    <subfield code="9">81141</subfield>
  </datafield>
  <datafield tag="240" ind1="1" ind2=" ">
    <subfield code="a">Psychology and the teacher</subfield>
    <subfield code="l">Espa&#xF1;ol</subfield>
  </datafield>
  <datafield tag="245" ind1="1" ind2="0">
    <subfield code="a">Psicolog&#xED;a para los docentes /</subfield>
    <subfield code="c">Dennis Child ; </subfield>
  </datafield>
  <datafield tag="260" ind1=" " ind2=" ">
    <subfield code="a">Buenos Aires, Argentina :</subfield>
    <subfield code="b">Kapelusz,</subfield>
    <subfield code="c">1975.</subfield>
  </datafield>
  <datafield tag="300" ind1=" " ind2=" ">
    <subfield code="a">447 p. : </subfield>
    <subfield code="b">il. , grafcs. ; </subfield>
    <subfield code="c">23 cm.</subfield>
  </datafield>
  <datafield tag="490" ind1="1" ind2=" ">
    <subfield code="a">Biblioteca de cultura pedag&#xF3;gica</subfield>
  </datafield>
  <datafield tag="500" ind1=" " ind2=" ">
    <subfield code="a">Incluye bibliograf&#xED;a al final de los cap&#xED;tulos</subfield>
  </datafield>
  <datafield tag="500" ind1=" " ind2=" ">
    <subfield code="a">Incluye notas al pie de las p&#xE1;ginas</subfield>
  </datafield>
  <datafield tag="505" ind1="0" ind2=" ">
    <subfield code="a">1. La psicolog&#xED;a y la educaci&#xF3;n --</subfield>
    <subfield code="t">2. El sistema nervioso y el cerebro --</subfield>
    <subfield code="t">3. La motivaci&#xF3;n humana --</subfield>
    <subfield code="t">4. La atenci&#xF3;n y la percepci&#xF3;n --</subfield>
    <subfield code="t">5. La formaci&#xF3;n y obtenci&#xF3;n de conceptos --</subfield>
    <subfield code="t">Teor&#xED;a y pr&#xE1;ctica del aprendizaje --</subfield>
    <subfield code="t">Aprendizaje, retenci&#xF3;n y recuerdo --</subfield>
    <subfield code="t">Lenguaje y pensamiento --</subfield>
    <subfield code="t">La inteligencia humana --</subfield>
    <subfield code="t">El pensamiento creativo--</subfield>
    <subfield code="t">La personalidad --</subfield>
    <subfield code="t">Impedimento educacional --</subfield>
    <subfield code="t">Evaluaci&#xF3;n educacional --</subfield>
    <subfield code="t">La estandarizaci&#xF3;n y el an&#xE1;lisis de &#xED;tems --</subfield>
    <subfield code="t">Desarrollo y orientaci&#xF3;n profesionales --</subfield>
    <subfield code="t">El curr&#xED;culo --</subfield>
    <subfield code="t">Investigaci&#xF3;n psicol&#xF3;gica y educaci&#xF3;n.</subfield>
  </datafield>
  <datafield tag="505" ind1="0" ind2=" ">
    <subfield code="a">2. El sistema nervioso y el cerebro --</subfield>
  </datafield>
  <datafield tag="505" ind1="0" ind2=" ">
    <subfield code="a">3. La motivaci&#xF3;n  humana --</subfield>
  </datafield>
  <datafield tag="505" ind1="0" ind2=" ">
    <subfield code="a">4. La atenci&#xF3;n  y la percepci&#xF3;n --</subfield>
  </datafield>
  <datafield tag="505" ind1=" " ind2=" ">
    <subfield code="a">5. La formaci&#xF3;n  y obteci&#xF3;n de conceptos --</subfield>
  </datafield>
  <datafield tag="505" ind1=" " ind2=" ">
    <subfield code="a">6. Teor&#xED;a y pr&#xE1;ctica del aprendizaje --</subfield>
  </datafield>
  <datafield tag="505" ind1=" " ind2=" ">
    <subfield code="a">7. Aprendizaje, retenci&#xF3;n y recuerdo --</subfield>
  </datafield>
  <datafield tag="505" ind1=" " ind2=" ">
    <subfield code="a">8. Lenguaje y pensamiento --</subfield>
  </datafield>
  <datafield tag="505" ind1=" " ind2=" ">
    <subfield code="a">9. La inteligencia humana --</subfield>
  </datafield>
  <datafield tag="505" ind1=" " ind2=" ">
    <subfield code="a">10. El pensamiento creativo --</subfield>
  </datafield>
  <datafield tag="505" ind1=" " ind2=" ">
    <subfield code="a">11. La personalidad --</subfield>
  </datafield>
  <datafield tag="505" ind1=" " ind2=" ">
    <subfield code="a">12. Impedimento educacional --</subfield>
  </datafield>
  <datafield tag="505" ind1=" " ind2=" ">
    <subfield code="a">13. Evaluaci&#xF3;n educativa --</subfield>
  </datafield>
  <datafield tag="505" ind1=" " ind2=" ">
    <subfield code="a">14. La estandarizaci&#xF3;n y el an&#xE1;lisis de items -- </subfield>
  </datafield>
  <datafield tag="505" ind1=" " ind2=" ">
    <subfield code="a">15. Desarrollo y orientaci&#xF3;n profesionales --</subfield>
  </datafield>
  <datafield tag="505" ind1=" " ind2=" ">
    <subfield code="a">16. El curr&#xED;culo --</subfield>
  </datafield>
  <datafield tag="505" ind1=" " ind2=" ">
    <subfield code="a">17. Investigaci&#xF3;n psicol&#xF3;gica y educaci&#xF3;n .</subfield>
  </datafield>
  <datafield tag="590" ind1=" " ind2=" ">
    <subfield code="a">Inventariado, 2022 / SA</subfield>
  </datafield>
  <datafield tag="650" ind1=" " ind2="4">
    <subfield code="a">Psicolog&#xED;a  de la educaci&#xF3;n</subfield>
    <subfield code="9">81142</subfield>
  </datafield>
  <datafield tag="650" ind1=" " ind2="0">
    <subfield code="a">Psicolog&#xED;a infantil </subfield>
    <subfield code="9">2718</subfield>
  </datafield>
  <datafield tag="700" ind1="1" ind2=" ">
    <subfield code="9">49561</subfield>
    <subfield code="a">Thomas, Juan Jorge</subfield>
    <subfield code="e">tr.</subfield>
  </datafield>
  <datafield tag="830" ind1=" " ind2="0">
    <subfield code="a">Biblioteca de cultura pedag&#xF3;gica</subfield>
  </datafield>
  <datafield tag="910" ind1=" " ind2=" ">
    <subfield code="a">Saquino/Validad. Control de calidad MFF</subfield>
  </datafield>
  <datafield tag="942" ind1=" " ind2=" ">
    <subfield code="2">ddc</subfield>
    <subfield code="c">LBS1</subfield>
  </datafield>
  <datafield tag="952" ind1=" " ind2=" ">
    <subfield code="0">0</subfield>
    <subfield code="1">0</subfield>
    <subfield code="2">ddc</subfield>
    <subfield code="5">6</subfield>
    <subfield code="7">0</subfield>
    <subfield code="8">GR</subfield>
    <subfield code="a">BNPHU</subfield>
    <subfield code="b">BNPHU</subfield>
    <subfield code="c">HD</subfield>
    <subfield code="d">2015-07-21</subfield>
    <subfield code="e">Donado por Barbara Suncar </subfield>
    <subfield code="l">0</subfield>
    <subfield code="o">BNPHU GR 370.15 C536p</subfield>
    <subfield code="p">2022-0593</subfield>
    <subfield code="r">2022-02-04</subfield>
    <subfield code="w">2022-02-04</subfield>
    <subfield code="y">LBS1</subfield>
  </datafield>
  <datafield tag="999" ind1=" " ind2=" ">
    <subfield code="c">51343</subfield>
    <subfield code="d">51343</subfield>
  </datafield>
</record>
